| 000 -LEADER |
| fixed length control field |
02201cam a2200505 i 4500 |
| 001 - CONTROL NUMBER |
| control field |
20698161 |
| 003 - CONTROL NUMBER IDENTIFIER |
| control field |
NUST |
| 005 - DATE AND TIME OF LATEST TRANSACTION |
| control field |
20190110101607.0 |
| 008 - FIXED-LENGTH DATA ELEMENTS--GENERAL INFORMATION |
| fixed length control field |
181009s2018 pk b 000 0 urd |
| 010 ## - LIBRARY OF CONGRESS CONTROL NUMBER |
| LC control number |
2018326005 |
| 020 ## - INTERNATIONAL STANDARD BOOK NUMBER |
| International Standard Book Number |
9789697576302 |
| 025 ## - OVERSEAS ACQUISITION NUMBER |
| Overseas acquisition number |
P-U-2018326005; 38 |
| 037 ## - SOURCE OF ACQUISITION |
| Source of stock number/acquisition |
Library of Congress -- Islamabad Overseas Office |
| 038 ## - RECORD CONTENT LICENSOR |
| Staff Name |
waseem |
| 040 ## - CATALOGING SOURCE |
| Original cataloging agency |
DLC |
| Language of cataloging |
eng |
| Description conventions |
rda |
| Transcribing agency |
DLC |
| 042 ## - AUTHENTICATION CODE |
| Authentication code |
lcode |
| -- |
pcc |
| 043 ## - GEOGRAPHIC AREA CODE |
| Geographic area code |
a-pk--- |
| 050 00 - LIBRARY OF CONGRESS CALL NUMBER |
| Classification number |
HN690.5.A8 |
| Item number |
M84 2018 |
| 066 ## - CHARACTER SETS PRESENT |
| Alternate G0 or G1 character set |
(3 |
| -- |
(4 |
| 082 ## - DEWEY DECIMAL CLASSIFICATION NUMBER |
| Classification number |
324.2095491 |
| Author Mark |
MUM |
| 100 0# - MAIN ENTRY--PERSONAL NAME |
| Linkage |
880-01 |
| Personal name |
Mumtāzuddīn, |
| Titles and words associated with a name |
(Educationalist) |
| Relator term |
author. |
| 9 (RLIN) |
13035 |
| 245 10 - TITLE STATEMENT |
| Linkage |
880-02 |
| Title |
Samājī aur siyāsī tabdīlī magar kese? / |
| Statement of responsibility, etc. |
Mumtāzuddīn. |
| 246 14 - VARYING FORM OF TITLE |
| Linkage |
880-03 |
| Title proper/short title |
Siyāsī aur samājī tabdīlī magar kese? |
| 250 ## - EDITION STATEMENT |
| Linkage |
880-04 |
| Edition statement |
Ishāʻat-i avval. |
| 264 #1 - PRODUCTION, PUBLICATION, DISTRIBUTION, MANUFACTURE, AND COPYRIGHT NOTICE |
| Linkage |
880-05 |
| Place of production, publication, distribution, manufacture |
Islāmābād : |
| Name of producer, publisher, distributor, manufacturer |
Iqbāl Inṭarnaishnal Insṭīṭiyūṭ fār Rīsarc ainḍ Ḍāʼīlāg, |
| Date of production, publication, distribution, manufacture, or copyright notice |
2018. |
| 300 ## - PHYSICAL DESCRIPTION |
| Extent |
152 pages ; |
| Dimensions |
22 cm |
| 336 ## - CONTENT TYPE |
| Content type term |
text |
| Content type code |
txt |
| Source |
rdacontent |
| 337 ## - MEDIA TYPE |
| Media type term |
unmediated |
| Media type code |
n |
| Source |
rdamedia |
| 338 ## - CARRIER TYPE |
| Carrier type term |
volume |
| Carrier type code |
nc |
| Source |
rdacarrier |
| 504 ## - BIBLIOGRAPHY, ETC. NOTE |
| Bibliography, etc. note |
Includes bibliographical references. |
| 520 ## - SUMMARY, ETC. |
| Summary, etc. |
On social and political changes in Pakistani society. |
| 546 ## - LANGUAGE NOTE |
| Language note |
In Urdu. |
| 650 #0 - SUBJECT ADDED ENTRY--TOPICAL TERM |
| Topical term or geographic name entry element |
Social change |
| Geographic subdivision |
Pakistan. |
| 9 (RLIN) |
13036 |
| 651 #0 - SUBJECT ADDED ENTRY--GEOGRAPHIC NAME |
| Geographic name |
Pakistan |
| General subdivision |
Social conditions |
| Chronological subdivision |
21st century. |
| 9 (RLIN) |
3727 |
| 651 #0 - SUBJECT ADDED ENTRY--GEOGRAPHIC NAME |
| Geographic name |
Pakistan |
| General subdivision |
Politics and government |
| Chronological subdivision |
21st century. |
| 9 (RLIN) |
1623 |
| 710 2# - ADDED ENTRY--CORPORATE NAME |
| Corporate name or jurisdiction name as entry element |
International Islamic University (Islāmābād, Pakistan). |
| Subordinate unit |
Iqbal International Institute for Research & Dialogue. |
| 9 (RLIN) |
7154 |
| 880 0# - ALTERNATE GRAPHIC REPRESENTATION |
| Linkage |
100-01/(3/r |
| Title |
ممتازالدّين، |
| 880 10 - ALTERNATE GRAPHIC REPRESENTATION |
| Linkage |
245-02/(3/r |
| Title |
سماجى اور سياسى تبديلى مگر کيسے؟ / |
| c |
ممتازالدّين. |
| 880 14 - ALTERNATE GRAPHIC REPRESENTATION |
| Linkage |
246-03/(3/r |
| Title |
سياسى اور سماجى تبديلى مگر کيسے؟ |
| 880 ## - ALTERNATE GRAPHIC REPRESENTATION |
| Linkage |
250-04/(3/r |
| Title |
اشاعت اوّل. |
| 880 #1 - ALTERNATE GRAPHIC REPRESENTATION |
| Linkage |
264-05/(3/r |
| Title |
اسلام آباد : |
| b |
اقبال انٹرنيشنل انسٹيٹيوٹ فار ريسرچ اينڈ ڈائيلاگ، |
| c |
2018. |
| 906 ## - LOCAL DATA ELEMENT F, LDF (RLIN) |
| a |
7 |
| b |
cbc |
| c |
origode |
| d |
3 |
| e |
ncip |
| f |
20 |
| g |
y-nonroman |
| 942 ## - ADDED ENTRY ELEMENTS (KOHA) |
| Source of classification or shelving scheme |
|
| Koha item type |
Book |